| 000 | 00892cam a22002415a 4500 | ||
|---|---|---|---|
| 005 | 20091103014612.0 | ||
| 008 | 090911s2009 ii ab b 100 0 eng d | ||
| 010 | _aENG-95392 | ||
| 020 |
_a9788131306703 _c495.00 |
||
| 035 | _aEN-78925 | ||
| 037 | _aDBAD/PUB | ||
| 040 |
_aDPL _beng |
||
| 082 | _a881 | ||
| 100 | _aParokode, P.L. Sreedharan | ||
| 245 |
_aWeeping Womb : _c by P.L. Sreedharan _bPoems / |
||
| 260 |
_aNew Delhi : _bAPH Publishing Corporation _c2009 |
||
| 270 |
_a4435-36/7. Ansari road, Darya Ganj _bNew Delhi _e110002 |
||
| 300 |
_ax, 142p. _c22 cm. (Hb) |
||
| 520 | _aContributed articles. | ||
| 942 |
_2ddc _cEN _mPAR _h881 |
||
| 999 |
_c31569 _d31569 |
||